| 000 | 00000nam 2200000za 4500 |
| 001 | 9.590943 |
| 003 | CaOODSP |
| 005 | 20250814120012 |
| 007 | cr ||||||||||| |
| 008 | 150406|2001||||xxc|||||o f|0| 0 fre d |
| 020 | |a0-662-86025-X |
| 022 | |a1205-9161 |
| 040 | |aCaOODSP|bfre |
| 043 | |an-cn--- |
| 086 | 1 |aCS11-0019/173F-IN |
| 100 | 1 |aBaldwin, John R. |q(John Russel) |
| 245 | 00|aEntraves à l'adoption des technologies de pointe pour les fabricants canadiens / |h[ressource électronique]|cpar John R. Baldwin et Zhengxi Lin. |
| 260 | |aOttawa - Ontario : |bStatistique Canada |cAoût 2001. |
| 300 | |a39p.|bréférences, tableaux |
| 490 | 1 |aDocuments de recherche - Direction des études analytiques|x1205-9161|vN° 173 |
| 500 | |aL'ISSN (1200-5231) de l'édition imprimée a été incorrectement copié dans l'édition électronique. |
| 520 | 3 |a« Nous examinons dans le présent document, à l'aide de données d’enquête, les problèmes auxquels font face les entreprises du secteur canadien de la fabrication lorsqu'elles décident d’adopter des technologies de pointe »--Résumé |
| 590 | |a12-37-Supp|b2012-09-24 |
| 710 | 2 |aStatistique Canada. |
| 775 | 08|tImpediments to advanced technology adoption for Canadian manufacturers / |w(CaOODSP)9.557941 |
| 776 | 0#|tEntraves à l'adoption des technologies de pointe pour les fabricants canadiens / |w(CaOODSP)9.625706 |
| 830 | #0|aDocuments de recherche (Statistique Canada. Direction des études analytiques)|x1205-9161|vN° 173|w(CaOODSP)9.500842 |
| 856 | 40|ahttp://publications.gc.ca|qPDF|s277 Ko|uhttps://publications.gc.ca/collections/Collection/CS11-0019-173F.pdf|yN° 173 |